| 000 | 01063cam a2200301 i 4500 | ||
|---|---|---|---|
| 001 | 17709936 | ||
| 003 | OSt | ||
| 005 | 20240220101712.0 | ||
| 008 | 130424s2014 nyua b 001 0 eng | ||
| 010 | _a 2013016495 | ||
| 020 | _a9780415533263 (hb : alk. paper) | ||
| 020 | _a9780415533270 (pb : alk. paper) | ||
| 020 | _z9781315883199 (ebook) | ||
| 040 |
_aDLC _beng _cDLC _erda _dDLC |
||
| 042 | _apcc | ||
| 050 | 0 | 0 |
_aNA2750 _b.S545 2014 |
| 082 | 0 | 0 |
_a729 _223 _bSHI |
| 100 | 1 |
_aShields, Jennifer A. E. _9120755 |
|
| 245 | 1 | 0 |
_aCollage and architecture / _cJennifer A.E. Shields. |
| 260 |
_aLondon: _bRoutledge; _c2014. |
||
| 300 |
_axi, 274 pages : _billustrations (some color) ; _c25 cm |
||
| 504 | _aIncludes bibliographical references (pages 265-267) and index. | ||
| 650 | 0 |
_aArchitectural design _xMethodology. _9120756 |
|
| 650 | 0 |
_aCollage. _933494 |
|
| 906 |
_a7 _bcbc _corignew _d1 _eecip _f20 _gy-gencatlg |
||
| 942 |
_2ddc _cBK _aSADA _k729 SHI 2014 |
||
| 999 |
_c607871 _d607871 |
||